000 00671nam a22002297a 4500
003 UA-OsUOA
001 62993
007 ta
008 20090915b un ||||| |||| 00| 0 ukr d
100 _aПошивалов В.
700 _aРіжко В.
090 _a330(477)
_bП66
942 _cSA
040 _aUA-OsUOA
_bukr
_cUA-OsUOA
_dUA-OsUOA
245 _aВизначення пріоритетних видів продукції промислового підприємствах в умовах ринку
300 _aС.25-30
955 _a0
041 _aukr
080 _a330(477)
773 0 _w62988
650 7 _a330 Економіка взагалі
_2UDC
999 _c349085
_d349085